Central Library OPAC University of Rajshahi

Plant physiology (Record no. 74914)

MARC details
000 -LEADER
fixed length control field 00773nam a22002651 4500
001 - CONTROL NUMBER
control field 74914
003 - CONTROL NUMBER IDENTIFIER
rucl marc code BD-RjUL
005 - DATE AND TIME OF LATEST TRANSACTION
control field 20211209082623.0
008 - FIXED-LENGTH DATA ELEMENTS--GENERAL INFORMATION
fixed length control field 711020s1966 nyua b 000 0 eng
035 ## - SYSTEM CONTROL NUMBER
System control number (BD-RjUL)
040 ## - CATALOGING SOURCE
Original cataloging agency DLC
Transcribing agency DLC
Modifying agency DLC
Language of cataloging eng
041 ## - LANGUAGE CODE
Language code of text/sound track or separate title eng
082 00 - DEWEY DECIMAL CLASSIFICATION NUMBER
Classification number 571.2
Edition number 23
Author mark and year DEP 1968
100 1# - MAIN ENTRY--PERSONAL NAME
Personal name Devlin, Robert M.
9 (RLIN) 226252
245 00 - TITLE STATEMENT
Title Plant physiology
Statement of responsibility, etc. [by] Robert M. Devlin.
260 ## - PUBLICATION, DISTRIBUTION, ETC. (IMPRINT)
Place of publication, distribution, etc. New York,
Name of publisher, distributor, etc. Reinhold Pub. Corp.
Date of publication, distribution, etc. [c1966]1968
300 ## - PHYSICAL DESCRIPTION
Pagination xi, 564 p.
Illustrations illus.
Size 24 cm.
490 0# - SERIES STATEMENT
Series statement Reinhold books in the biological sciences
504 ## - BIBLIOGRAPHY, ETC. NOTE
Bibliography, etc Includes bibliographies.
650 #0 - SUBJECT ADDED ENTRY--TOPICAL TERM
Topical term or geographic name as entry element Plant physiology.
9 (RLIN) 226253
906 ## - LOCAL DATA ELEMENT F, LDF (RLIN)
a 7
b cbc
c orignew
d u
e ocip
f 19
g y-gencatlg
942 ## - ADDED ENTRY ELEMENTS (KOHA)
Source of classification or shelving scheme Dewey Decimal Classification
Koha item type Books
Holdings
Lost status Source of classification or shelving scheme Damaged status Not for loan Collection code Permanent Location Current Location Shelving location Date acquired Total Checkouts Full call number Date last seen Copy number Koha item type Source of acquisition Date checked out
  Dewey Decimal Classification   Not For Loan Non-fiction Central Library, University of Rajshahi Central Library, University of Rajshahi Reading Room 20/12/2018   571.2 DEP 1968 20/12/2018 C-1 Books    
  Dewey Decimal Classification     Non-fiction Central Library, University of Rajshahi Central Library, University of Rajshahi   26/12/2018 1 571.2 DEP 1968 17/04/2019 C-2 Books Photocopy 25/03/2019
  Dewey Decimal Classification     Non-fiction Central Library, University of Rajshahi Central Library, University of Rajshahi   03/01/2019   571.2 DEP 1968 03/01/2019 C-3 Books Photocopy, R.U.L.  
  Dewey Decimal Classification     Non-fiction Central Library, University of Rajshahi Central Library, University of Rajshahi   26/12/2018   571.2 DEP 1968 03/01/2019 C-4 Books Photostate, RUCL